| 000 | 00358nam a22001577a 4500 | ||
|---|---|---|---|
| 003 | OSt | ||
| 005 | 20260316164622.0 | ||
| 008 | 260316b |||||||| |||| 00| 0 eng d | ||
| 040 | _cFLL | ||
| 041 |
_aENG _dENG |
||
| 100 | _aSINGH, DEVENDER | ||
| 245 | _aINDIAN PARLIAMENT | ||
| 260 |
_aHARYANA _bLEXIS NEXIS _c2025 |
||
| 300 | _a468 | ||
| 942 |
_2CC _cTB _n0 |
||
| 999 |
_c1715547 _d1715547 |
||